Social factors in educational achievement among Negro adolescents /

Bibliographic Details
Main Author: Cramer, M. Richard (Miles Richard)
Other Authors: Bowerman, Charles E., Campbell, Ernest Q., 1926-2013
Format: Book
Language:English
Published: [Chapel Hill, N.C.], [publisher not identified] ; 1966.
Subjects:

MARC

Tag First Indicator Second Indicator Subfields
LEADER 00000cam a2200000 4500
001 in00000193621
005 20151009051522.0
008 720308s1966 ncua 00010 eng d
035 |a (OCoLC)00266657 
035 |9 AAV6203AM 
040 |a DLC  |c DLC  |d TXA  |d UtOrBLW 
043 |a n-us--- 
049 |a TXAM  |v 1 [476114]  |v 2 [476115] 
050 0 0 |a LC2801  |b .C7 1966a 
100 1 |a Cramer, M. Richard  |q (Miles Richard) 
245 1 0 |a Social factors in educational achievement among Negro adolescents /  |c [by] M. Richard Cramer, Ernest Q. Campbell, and Charles E. Bowerman. 
264 1 |a [Chapel Hill, N.C.],  |b [publisher not identified] ;  |c 1966. 
300 |a 2 volumes :  |b illustrations ;  |c 28 cm. 
336 |a text  |b txt  |2 rdacontent 
337 |a unmediated  |b n  |2 rdamedia 
338 |a volume  |b nc  |2 rdacarrier 
500 |a Cooperative research project number 1168, Cooperative Research Program of the U.S. Office of Education. 
505 0 |a v. 1. Demographic study.--v. 2. Survey study. 
650 0 |a African Americans  |x Education. 
650 0 |a Students  |z United States  |x Social conditions. 
650 0 |a Academic achievement. 
700 1 |a Bowerman, Charles E. 
700 1 |a Campbell, Ernest Q.,  |d 1926-2013. 
999 |a MARS 
999 f f |s c4114f83-671d-360f-96fb-bd3f0d69b516  |i b8fe85fa-3686-30ac-a49b-67be791996af  |t 0 
952 f f |p normal  |a Texas A&M University  |b College Station  |c Sterling C. Evans Library  |d Evans: Library Stacks  |t 0  |e LC2801 .C7 1966a  |h Library of Congress classification  |i unmediated -- volume  |k v.1  |m A14803320749 
952 f f |p normal  |a Texas A&M University  |b College Station  |c Sterling C. Evans Library  |d Evans: Library Stacks  |t 0  |e LC2801 .C7 1966a  |h Library of Congress classification  |i unmediated -- volume  |k v.2  |m A14803320757 
998 f f |a LC2801 .C7 1966a  |s v.1-v.2  |t 0  |l Evans: Library Stacks